Loading...
Project report
| Format: | Printed Book |
|---|
| LEADER | 00339nam a2200097 4500 | ||
|---|---|---|---|
| 082 | |a 005.43 | ||
| 245 | |a Project report |h [Text] | ||
| 300 | |a 1065 | ||
| 942 | |c BK | ||
| 999 | |c 83301 |d 83301 | ||
| 952 | |0 0 |1 0 |4 0 |6 005_430000000000000 |7 0 |9 75547 |a SOCS |b SOCS |d 2015-06-11 |g 529.00 |l 0 |o 005.43 |p SOCS2639 |r 2015-06-11 |w 2015-06-11 |y BK | ||